000 00637nam a2200241 a 4500
001 23279
003 CO-ViMGA
008 141112s2004 ck r 000 u spa d
020 _a9789580221807
040 _aCO-ViMGA
_bspa
_cCO-ViMGA
082 0 4 _a741.018 C177c
100 1 _aCastro Arevalo, Jhon Franklin
_933535
245 1 0 _aTrabajemos con el color
260 _aColombia :
_bArtelandia
300 _a112p.
650 1 4 _aARTE
650 1 4 _aCOLOR
_952838
650 1 4 _aCOLOR EN EL ARTE
_921925
650 1 4 _aESTética
_914859
650 1 4 _aEXPRESION ARTISTICA
_933536
650 1 4 _aTEORIA DEL COLOR
_933537
942 _2ddc
_cBK
999 _c31509
_d31509